000 00518nam a2200181Ia 4500
999 _c14071
_d14071
003 OSt
005 20201023123054.0
008 190216s9999||||xx |||||||||||||| ||und||
020 _a9780006547365
040 _coclc
082 _a823.91
_bHUX/A
100 _aHuxley, Aldous
_94717
245 0 _aAfter Many A Summer /
_cAldous Huxley
260 _bHarper Collins Publishers ,
_c1994.
_aGlasgow:
300 _a248p
650 _aEnglish Novel
942 _cBK
_2ddc
_h823.91
_iHUX/A
_k823.91
_mHUX/A